000 00872nam a2200265Ia 4500
001 22072
005 20260320113340.0
008 260320s9999||||xx |||||||||||||| ||und||
020 _a9781621380047
041 _aING
082 _a370.1
_bC18
100 _aCaldecott, Stratford,
_eAUT
245 0 _aBeauty in the word :
_brethinking the foundations of education
246 _a
_5
_b
250 _aFirst edition
260 _aTacoma :
_bAngelico Press,
_c2012
300 _a168 páginas :
_b
_c22 cm.
_e
440 _a
_n
_v
650 _aCIS
653 _aEducación - Filosofía; Escuelas católicas - Gran Bretaña; Educación humanística - Gran Bretaña
654 _aCED
700 _a
_c
856 _uhttps://0u20fpl25-y-https-research-ebsco-com.itmsp.museknowledge.com/c/qxo6us/search
_zVéase además: Base de datos EBSCOhost
942 _cLIB
_dJUS
_fMAT
_2ddc
_n
999 _c22072
_d22072